LEADER 00925nam a2200229 i 4500 001 000000108342 003 CaOOAMICUS 005 20110117000000.0 008 110117s1971 xx u000 u und u 013 $a80987 040 $aSeMil$bita 100 1 $aBogliolo, Luigi <1910-1999>.$0(OLS)http://semarc/name/4966 245 10$aLinguaggio teologico e ateismo /$cLuigi Bogliolo. 260 $aRoma :$bPontificia Università Lateranense,$c1971. 300 $a124 p. ;$c25 cm. 650 4$aLinguaggio teologico.$0(OLS)http://semarc/subject/5979 650 4$aAteismo.$0(OLS)http://semarc/subject/2022 850 $aSeMil 852 $aSeMil$W1$xVenegono$y1$m2I III 167$j64438$B64438$CSeMilBibl$Z2$F158297 $81 961 $aOmaggio: Calcaterra don Carlo 996 $6245$aLinguaggio teologico e ateismo$9(OLS)http://semarc/title/157092 996 $6260$aRoma :$bPontificia Università Lateranense$9(OLS)http://semarc/publisher/30174 LEADER 01482nam a2200289 4500 001 000000367954 003 CaOOAMICUS 005 20260604094651.0 008 260529s2019 it 000 u ita r 020 $a978-88-6240-703-8 040 $aSeMil$bita 245 00$aMangia il pane con gioia, bevi il vino con allegria :$bletture di testi sacri per vivere insieme /$ca cura di Ernesto Borghi e Giuliano Savina ; contributi di Davide Assael ... [et. al.]. 264 1$aMilano :$bETS,$c2019. 300 $a95 p. ;$c21 cm 500 $aIn testa al front.: Associazione per il Refettorio Ambrosiano 500 $aLibro edito in occasione della manifestazione "12 ore di lettura di testi sacri" 700 1 $aBorghi, Ernesto,$d<1964- >.$0(OLS)http://semarc/name/13163 700 1 $aSavina, Giuliano,$d<1963- >.$0(OLS)http://semarc/name/91587 700 1 $aAssael, Davide,$d<1976- >.$0(OLS)http://semarc/name/92160 710 1 $aAssociazione per il Refettorio Ambrosiano.$0(OLS)http://semarc/name/124482 850 $aSeMil 852 $aSeMil$W1$xVenegono$y1$m2F V 15$j272868$B258608$CSeMilBibl$Z2$F258608 $81 961 $aBuzzi mons. Franco - Omaggio 996 $6020$a978-88-6240-703-8$9(OLS)http://semarc/number/306015 996 $6245$aMangia il pane con gioia, bevi il vino con allegria :$bletture di testi sacri per vivere insieme$9(OLS)http://semarc/title/459977 996 $6264$aMilano :$bETS$9(OLS)http://semarc/publisher/56442